| 000 | 01033cam a22003017a 4500 | ||
|---|---|---|---|
| 003 | CHAP | ||
| 005 | 20220329140555.0 | ||
| 008 | 971013s1982 r 00010 d | ||
| 010 | _a54149 | ||
| 011 | _a55121 | ||
| 035 | _a59273 | ||
| 040 | _cCHAP | ||
| 082 |
_a719.36 _bP7 |
||
| 100 | 0 | 0 |
_aPrescott-Allen, Robert. _991520 |
| 245 | 0 |
_aCuánto vale la vida silvestre? _b: las contribuciones económicas que la flora y la fauna silvestre aportan a los países en vías de desarrollo |
|
| 260 |
_aNottingham : _bEarthscan, _c1982 |
||
| 300 |
_a92 p. _b: ilus. |
||
| 590 |
_aBATCH-UPD _b10 _c20130110 _lUCH01 _h0541 |
||
| 590 |
_aBATCH-UPD _b10 _c20130410 _lUCH01 _h0222 |
||
| 590 |
_aBATCH-UPD _b10 _c20130914 _lUCH01 _h1936 |
||
| 590 |
_aCONVERSION _b10 _c20130109 _lUCH01 _h1329 |
||
| 650 | 1 | 4 |
_aVida silvestre. _9119155 |
| 650 | 1 | 4 |
_aVida silvestre _xConservación. _9119166 |
| 700 | 0 |
_aPrescott-Allen, Christine. _991519 |
|
| 901 | _aBK | ||
| 942 | _cLIBRO | ||
| 949 |
_a719.36 P7 _bBC _cLIBRO _d33724000584629 _eLIBRO _h59860 _i59273 _mD _si |
||
| 999 |
_c54149 _d54149 |
||